Estrategia de diseño del espacio público barrial con enfoque de género e inclusividad
Enregistré dans:
| Auteur principal: | |
|---|---|
| Autres auteurs: | |
| Format: | Inconnue |
| Langue: | Spanish |
| Publié: |
[San José,Costa Rica]
2013
|
| Sujets: | |
| Accès en ligne: | https://cedi.ucr.ac.cr/sin-categoria/estrategia-de-diseno-del-espacio-publico-barrial-con-enfoque-de-genero-e-inclusividad/ |
| Tags: |
Ajouter un tag
Pas de tags, Soyez le premier à ajouter un tag!
|
MARC
| LEADER | 00000 a2200000 4500 | ||
|---|---|---|---|
| 003 | EA0038 | ||
| 005 | 20230704135527.0 | ||
| 008 | 140114s2013 cr a 000 ||spa d | ||
| 040 | |c cru CEDI | ||
| 090 | |a TFG EA-038 | ||
| 100 | |a Rodríguez Salgado, Laura |9 19987 | ||
| 245 | |a Estrategia de diseño del espacio público barrial con enfoque de género e inclusividad | ||
| 260 | |a [San José,Costa Rica] |c 2013 | ||
| 500 | |a Proyecto de graduación (licenciatura en arquitectura)--Universidad de Costa Rica. Facultad de Ingeniería. Escuela de Arquitectura | ||
| 501 | |a Director de Proyecto de Graduación: : Arq. Mario Villalta Flórez-Estrada | ||
| 650 | |x LA CAPRI (SAN MIGUEL, DESAMPARADOS, SAN JOSE, COSTA RICA) |x ESPACIOS PUBLICOS - DISEÑO |x REHABILITACION URBANA |x DISEÑO URBANO |x EQUIDAD DE GENERO |x ARQUITECTURA - DISEÑOS Y PLANOS |9 19988 | ||
| 700 | |9 88 |a Villalta Flórez-Estrada, Mario Enrique |d Director del TFG | ||
| 856 | |u https://cedi.ucr.ac.cr/sin-categoria/estrategia-de-diseno-del-espacio-publico-barrial-con-enfoque-de-genero-e-inclusividad/ |y https://cedi.ucr.ac.cr/sin-categoria/estrategia-de-diseno-del-espacio-publico-barrial-con-enfoque-de-genero-e-inclusividad/ | ||
| 942 | |c CEDI |2 ddc | ||
| 999 | |c 12938 |d 12938 | ||
